00750naa#a2200181#i#4500001002000000005001700020011001400037100004100051102000700092200009800099210004100197215001000238608002700248675021500275700003000490700003400520856001400554EN\RIOR\bibl\12069420260702081757.4##a2308-0191##a20260629b2026####ek#y0engy0150####ca##aRU1#aProspects for complex renovation of industrial territories into art clusterseJournal article1#aMoscowcPublishing Center RIORd2026##a0 с.##aJournal article2local##aСпециальные сооружения, инженерное оборудование и установки промышленных зданий в целом. 725.41aРеконструкция. 69.059.7#1aMaiorovagAlina Valerevna#1aPonomarevgEvgeniy Sergeevich4#azh-szf.ru